|
|
|
|
| LEADER |
01064nam a2200253 a 4500 |
| 001 |
1660025 |
| 008 |
090819s1996 si a b 001 0 eng d |
| 010 |
|
|
|a \\\97139934
|
| 020 |
|
|
|a 9810223951
|
| 040 |
|
|
|a DLC
|c DLC
|
| 082 |
0 |
0 |
|a 612.7/6
|2 21
|
| 100 |
1 |
|
|a Zinkovsky, A. V.
|
| 245 |
1 |
0 |
|a Mathematical modelling and computer simulation of biomechanical systems /
|c A.V. Zinkovsky, V.A. Sholuha, A.A. Ivanov.
|
| 260 |
|
|
|a Singapore ;
|a River Edge, NJ :
|b World Scientific,
|c c1996.
|
| 300 |
|
|
|a x, 205 p. :
|b ill. ;
|c 23 cm.
|
| 504 |
|
|
|a Includes bibliographical references (p. 197-202) and index.
|
| 541 |
1 |
|
|e 00014638
|
| 650 |
|
0 |
|a Human mechanics
|x Mathematical models.
|
| 650 |
|
0 |
|a Human mechanics
|x Computer simulation.
|
| 700 |
1 |
|
|a Sholuha, V. A.
|
| 700 |
1 |
|
|a Ivanov, A. A.
|
| 852 |
4 |
|
|a Ayesha Abed Library
|j General shelf
|
| 999 |
|
|
|c 3607
|d 3607
|
| 952 |
|
|
|0 0
|1 0
|2 ddc
|4 0
|6 612_760000000000000_ZIN_1996
|7 0
|9 3274
|a BRACUL
|b BRACUL
|c GEN
|d 2009-09-02
|g 0.00
|l 1
|m 26
|o 612.76 ZIN
|p 3010014638
|r 2021-06-28
|s 2020-01-12
|t 1
|w 2009-09-02
|y BK
|x No price found in the accession register.
|